[Event "Hamburg HSK Easter op"]
[Site "Hamburg"]
[Date "2024.03.30"]
[Round "3"]
[White "Lehmkuhl, Stefan"]
[Black "Grillmaier, Alexander"]
[Result "1/2-1/2"]
[WhiteElo "1900"]
[BlackElo "1740"]
[PlyCount "69"]
[EventDate "2024.03.29"]
[EventType "swiss"]
[EventRounds "7"]
[EventCountry "GER"]
[SourceTitle "CBM 219 Extra"]
[Source "ChessBase"]
[SourceDate "2024.05.31"]
[SourceVersion "1"]
[SourceVersionDate "2024.05.31"]
[SourceQuality "1"]

1. d4 f5 2. h3 Nf6 3. g4 fxg4 4. hxg4 b6 5. Bg2 d5 6. g5 Ne4 7. Bf4 e6 8. Nf3 Nc6 9. c3 Bd6 10. Bxd6 Qxd6 11. Nbd2 Nxd2 12. Qxd2 Bd7 13. g6 h6 14. Ng5 Rf8 15. Nf7 Qe7 16. 0-0-0 Nd8 17. e4 Nxf7 18. gxf7+ Qxf7 19. exd5 0-0-0 20. dxe6 Bxe6 21. Qe3 Bc4 22. Qe4 Qf4+ 23. Qxf4 Rxf4 24. b3 Ba6 25. Rd2 Rdf8 26. f3 Bb7 27. d5 c6 28. Bh3+ Kc7 29. d6+ Kd8 30. Bg4 c5 31. Rg1 g5 32. Rh2 Bxf3 33. Bxf3 Rxf3 34. Rxh6 Rf1+ 35. Rxf1 1/2-1/2

[Event "Verden op-A"]
[Site "Verden"]
[Date "2023.01.06"]
[Round "4"]
[White "Wagner, Julian"]
[Black "Lehmkuhl, Stefan"]
[Result "1-0"]
[WhiteElo "2155"]
[BlackElo "1803"]
[PlyCount "75"]
[EventDate "2023.01.05"]
[EventType "swiss"]
[EventRounds "7"]
[EventCountry "GER"]
[SourceTitle "CBM 212 Extra"]
[Source "ChessBase"]
[SourceDate "2023.03.31"]
[SourceVersion "1"]
[SourceVersionDate "2023.03.31"]
[SourceQuality "1"]

1. d4 d6 2. e4 Nf6 3. Nc3 c6 4. f3 Nbd7 5. Be3 e5 6. Nge2 Be7 7. Qd2 b5 8. a3 a5 9. d5 Bb7 10. dxc6 Bxc6 11. Ng3 b4 12. Nb5 Qb8 13. a4 g6 14. Bh6 Rg8 15. Rd1 Bxb5 16. Bxb5 Qc7 17. Nf1 Rc8 18. Ne3 g5 19. Nc4 Rg6 20. Bxg5 Nxe4 21. fxe4 Bxg5 22. Qd5 Qa7 23. Bxd7+ Kxd7 24. Qxf7+ Be7 25. Nxe5+ Kd8 26. Nxg6 Qe3+ 27. Kf1 hxg6 28. Qf3 Qc5 29. Rd2 Kc7 30. Rf2 Kb8 31. Qd3 Ka7 32. g3 Qc6 33. b3 Bf8 34. Kg2 Bg7 35. Rf7+ Rc7 36. Rhf1 Be5 37. Qd5 Qxc2+ 38. R1f2 1-0

[Event "Lueneburg distr-ch Meister"]
[Site "Muenster"]
[Date "2019.10.20"]
[Round "7"]
[White "Lehmkuhl, Stefan"]
[Black "Harms, Friedjof"]
[Result "1/2-1/2"]
[WhiteElo "1871"]
[BlackElo "1865"]
[PlyCount "119"]
[EventDate "2019.10.17"]
[EventType "swiss"]
[EventRounds "7"]
[EventCountry "GER"]
[SourceTitle "EXT 2023"]
[Source "ChessBase"]
[SourceDate "2022.10.05"]
[SourceVersion "1"]
[SourceVersionDate "2022.10.05"]
[SourceQuality "1"]

1. c4 Nf6 2. e3 g6 3. d4 c5 4. Nf3 Bg7 5. Be2 0-0 6. 0-0 d5 7. Nc3 cxd4 8. Nxd4 Nc6 9. Nxc6 bxc6 10. Qa4 Qb6 11. Qa3 e6 12. Bd2 Ne4 13. Be1 Rb8 14. Rb1 Nxc3 15. Bxc3 Bxc3 16. Qxc3 Ba6 17. Rfc1 Rfd8 18. Qa3 Bxc4 19. Bxc4 dxc4 20. h3 Rd2 21. Rxc4 Rxb2 22. Rxb2 Qxb2 23. Qxa7 Qa1+ 24. Kh2 Qe5+ 25. f4 Qb5 26. Rxc6 Qb7 27. Qxb7 Rxb7 28. Ra6 Rc7 29. Kg3 Rc3 30. Kf3 Rc1 31. Ra7 Kg7 32. a4 Ra1 33. a5 Ra3 34. a6 h6 35. Ra8 Kh7 36. Ra7 Kg7 37. Ra8 Kh7 38. a7 Kg7 39. Ke4 Ra5 40. g4 Ra4+ 41. Ke5 Ra5+ 42. Kd6 Ra6+ 43. Kc7 Ra1 44. g5 hxg5 45. fxg5 Rc1+ 46. Kb6 Rb1+ 47. Ka5 Ra1+ 48. Kb4 Rb1+ 49. Kc3 Ra1 50. h4 Ra4 51. Kd3 Ra3+ 52. Ke4 Ra5 53. Kf4 Ra4+ 54. e4 Ra1 55. Ke5 Ra6 56. Kd4 Ra4+ 57. Kc5 Ra1 58. Kd6 Ra6+ 59. Ke7 Ra4 60. e5 1/2-1/2

[Event "Niedersachsen-ch op A"]
[Site "Verden"]
[Date "2019.01.05"]
[Round "6"]
[White "Lehmkuhl, Stefan"]
[Black "Behn, Cord"]
[Result "0-1"]
[WhiteElo "1825"]
[BlackElo "1709"]
[PlyCount "106"]
[EventDate "2019.01.03"]
[EventType "swiss"]
[EventRounds "7"]
[EventCountry "GER"]
[SourceTitle "EXT 2022"]
[Source "ChessBase"]
[SourceDate "2021.10.06"]
[SourceVersion "1"]
[SourceVersionDate "2021.10.06"]
[SourceQuality "1"]

1. d4 Nf6 2. Bg5 Ne4 3. Bh4 c5 4. Nd2 Nxd2 5. Qxd2 cxd4 6. Nf3 Nc6 7. Nxd4 Qb6 8. 0-0-0 Nxd4 9. Qxd4 Qxd4 10. Rxd4 g6 11. e4 Bg7 12. Rd1 d6 13. Bc4 Bd7 14. Rhe1 Rc8 15. Bb3 a5 16. Bd5 Bc6 17. f3 e6 18. Bxc6+ Rxc6 19. Rd3 Kd7 20. Red1 Rhc8 21. c3 b5 22. Bg3 Bf8 23. Kb1 b4 24. cxb4 axb4 25. Be1 Bh6 26. Bd2 Bxd2 27. R3xd2 f5 28. exf5 gxf5 29. Rd4 d5 30. Rxb4 Rc2 31. Rg1 Rf2 32. a4 Rcc2 33. a5 Rc6 34. Ra4 Rcc2 35. Ra2 Rxg2 36. a6 Rxb2+ 37. Rxb2 Rxg1+ 38. Ka2 Rg8 39. a7 Ra8 40. Rb7+ Kd6 41. Rxh7 d4 42. Kb3 Ke5 43. h4 Kf4 44. h5 Kxf3 45. h6 d3 46. Kc3 Ke3 47. Rd7 Rc8+ 48. Kb4 d2 49. Rd6 e5 50. h7 Ke2 51. Kb5 d1Q 52. Rxd1 Kxd1 53. Kb6 Rh8 0-1

[Event "Niedersachsen-ch op B"]
[Site "Verden"]
[Date "2018.01.05"]
[Round "3"]
[White "Moeller, Jonas"]
[Black "Lehmkuhl, Stefan"]
[Result "1/2-1/2"]
[WhiteElo "1688"]
[BlackElo "1797"]
[PlyCount "43"]
[EventDate "2018.01.04"]
[EventType "swiss"]
[EventRounds "7"]
[EventCountry "GER"]
[SourceTitle "EXT 2022"]
[Source "ChessBase"]
[SourceDate "2021.10.06"]
[SourceVersion "1"]
[SourceVersionDate "2021.10.06"]
[SourceQuality "1"]

1. e4 d6 2. d4 Nf6 3. Nc3 c6 4. f4 Qa5 5. Bd3 e5 6. Nf3 exd4 7. Nxd4 Bg4 8. Nf3 Nbd7 9. h3 Bxf3 10. Qxf3 Nc5 11. 0-0 Nxd3 12. cxd3 Be7 13. Be3 0-0 14. g4 Nd7 15. d4 Nb6 16. Rae1 Qb4 17. Re2 Nc4 18. Bc1 Rad8 19. a3 Qb6 20. Qd3 Qb3 21. Rf3 Rfe8 22. Nd1 1/2-1/2

[Event "Lueneburg distr-ch Meister"]
[Site "Muenster"]
[Date "2016.10.16"]
[Round "7.4"]
[White "Lehmkuhl, Stefan"]
[Black "Dittmann, Tobias"]
[Result "0-1"]
[WhiteElo "1873"]
[BlackElo "1857"]
[PlyCount "112"]
[EventDate "2016.10.13"]
[EventType "swiss"]
[EventRounds "7"]
[EventCountry "GER"]
[SourceTitle "EXT 2019"]
[Source "ChessBase"]
[SourceDate "2018.10.10"]
[SourceVersion "1"]
[SourceVersionDate "2018.10.10"]
[SourceQuality "1"]

1. c4 e6 2. Nf3 d5 3. g3 Nf6 4. Bg2 Be7 5. 0-0 0-0 6. b3 c6 7. Ba3 Nbd7 8. Bxe7 Qxe7 9. d3 e5 10. cxd5 Nxd5 11. Qc1 f5 12. Nc3 N7f6 13. Nxd5 Nxd5 14. Nd2 f4 15. Ne4 Bg4 16. Re1 Rf7 17. Qc5 Qxc5 18. Nxc5 Nc3 19. f3 Bc8 20. Ne4 Nxe4 21. dxe4 g5 22. Red1 Be6 23. Rd6 Re8 24. Rad1 Kf8 25. Kf2 Ke7 26. R6d2 Rc8 27. g4 Rff8 28. Bf1 Rfd8 29. e3 fxe3+ 30. Kxe3 Rxd2 31. Rxd2 Rd8 32. Bd3 Rd6 33. h4 h6 34. hxg5 hxg5 35. Rh2 Kf6 36. Rh7 Rd7 37. Rh6+ Kf7 38. Kd2 Re7 39. Kc3 Kg7 40. Rh2 Rf7 41. Rh3 Kg6 42. a4 Rh7 43. Rxh7 Kxh7 44. Bc4 Bd7 45. Kb4 b6 46. Kc3 Kg7 47. b4 Kf6 48. b5 Ke7 49. Kb4 Kd6 50. Bf7 Bc8 51. Bc4 Kc7 52. Bf7 a6 53. Bc4 cxb5 54. axb5 a5+ 55. Ka4 Kd6 56. Kb3 Kc5 0-1

[Event "Berlin Lichtenberger op 15th"]
[Site "Berlin"]
[Date "2016.08.21"]
[Round "9"]
[White "Voeller, Lothar"]
[Black "Lehmkuhl, Stefan"]
[Result "0-1"]
[WhiteElo "1778"]
[BlackElo "1875"]
[PlyCount "72"]
[EventDate "2016.08.13"]
[EventType "swiss"]
[EventRounds "9"]
[EventCountry "GER"]
[SourceTitle "CBM 173 Extra"]
[Source "ChessBase"]
[SourceDate "2016.08.29"]
[SourceVersion "1"]
[SourceVersionDate "2016.08.29"]
[SourceQuality "1"]

1. c4 d6 2. Nc3 g6 3. g3 Bg7 4. Bg2 Nf6 5. e4 0-0 6. Nge2 c6 7. d3 Bg4 8. h3 Bc8 9. 0-0 Nbd7 10. Be3 e5 11. Qd2 Nc5 12. b4 Ne6 13. a4 Nh5 14. b5 Nc5 15. Rab1 Bd7 16. g4 Nf4 17. Nxf4 exf4 18. Bxf4 Qf6 19. bxc6 bxc6 20. Ne2 Nxa4 21. d4 Qe7 22. Rb7 Rfd8 23. e5 dxe5 24. Bxc6 Nb6 25. Rxd7 Nxd7 26. Bxa8 Rxa8 27. dxe5 Nxe5 28. Bxe5 Bxe5 29. f4 Bc7 30. f5 Bb6+ 31. Kg2 Qe4+ 32. Rf3 Rd8 33. Qa2 Rd3 34. Ng1 Bxg1 35. Kxg1 Rxf3 36. fxg6 hxg6 0-1